000 00295nam a22001337a 4500
008 170307b xxu||||| |||| 00| 0 eng d
020 _a9780805321159
041 _aeng
080 _a611
100 _a6
101 _aSHM
245 _aSTUDENT WORKBOOK FOR A.D.A.M
_cVINES, R.L
942 _2udc
_cBK
999 _c7014
_d7014